Poeti e Novellieri 1994

Sparad:
Bibliografiska uppgifter
Huvudupphov: Silver Press
Materialtyp: Bok
Språk:odefinierat språk
Utgiven: Tipografia Ateneo
Taggar: Lägg till en tagg
Inga taggar, Lägg till första taggen!

MARC

LEADER 00000nam a2200000Ia 4500
001 R-140
003 CODICE-MESSINA
005 20260212102447.0
008 260211s9999 xx 000 0 und d
040 |c importazione_messina 
100 |a Silver Press 
245 0 |a Poeti e Novellieri 1994 
260 |b Tipografia Ateneo 
942 |2 ddc  |c BK 
952 |0 0  |1 0  |2 ddc  |4 0  |6 SCAFFALE_2_000000000000000__ARTE  |7 0  |9 30961  |a ME  |b ME  |d 2026-02-11  |l 0  |o SCAFFALE 2 - ARTE  |p R-140  |r 2026-02-11 23:52:14  |w 2026-02-11  |x [REVISIONARE]  |y BK 
999 |c 26623  |d 26623